000 00589nam a22002177a 4500
003 UA-OsUOA
001 38362
007 ta
008 20060504b un ||||| |||| 00| 0 ukr d
100 _aГубенко Галина
090 _a82
_bГ11
942 _cSA
040 _aUA-OsUOA
_bukr
_cUA-OsUOA
_dUA-OsUOA
245 _aЧарівна подорож
300 _a20-26 с.
955 _a0
041 _aukr
080 _a82
773 0 _w38361
_tЗарубіжна література
_dК.
_d2006
_g16
650 7 _a82 Література. Літературознавство
_2UDC
999 _c324530
_d324530